MARC

LEADER 00000nab a2200000 4500
001 vtls011879721
003 SK-MaSNL
005 20260415124536.0
008 190731c2019 xo zr|p | ||00 c0ukr
015 |a SNBRB2019/07 
038 |a SVKPOCL 
040 |a SVKPOCL  |b slo  |c SVKPOCL  |e rda 
041 0 |a ukr 
043 |a e-xo---  |a e-un--- 
044 |a xo  |c SK 
072 7 |a 316.7  |x Sociológia kultúry. Kultúrny život  |2 konspekt 
072 7 |a 82  |x Literatúra. Literárny život  |2 konspekt 
080 |a 821.161.2-051:061.2  |2 2011 
080 |a 821.161.2(437.6)-051:061.2  |2 2011 
080 |a 316.7:069  |2 2011 
080 |a (437.6)  |2 2011 
080 |a 069(437.671)  |2 2011 
080 |a 008  |2 2011 
080 |a (477)  |2 2011 
080 |a (437.671)  |2 2011 
245 0 0 |a Naš hisť - poet Vasyľ Husti 
300 |b Fotografie 
336 |a text  |b txt  |2 rdacontent 
337 |a bez média  |b n  |2 rdamedia 
338 |a zväzok  |b nc  |2 rdacarrier 
500 |a V rubrike Z poštovoji skryňky 
600 1 7 |a Husti, Vasyľ Petrovyč,  |d 1951-  |2 svkpocl  |9 1200292 
600 1 7 |a Jackanin, Ivan,  |d 1950-  |2 SNKMA  |9 103637 
600 1 7 |a Matij, Petro Petrovyč,  |d 1943-  |2 svkpocl  |9 1264458 
610 2 7 |a Spolok ukrajinských spisovateľov na Slovensku  |2 SNKKA  |9 51355 
610 2 7 |a Múzeum ukrajinskej kultúry (Svidník, Slovensko)  |2 SNKKA  |9 33119 
610 7 |a Nacionaľna spilka pysmennykiv Ukrajiny  |2 svkpocl  |9 1334698 
650 0 7 |a ukrajinskí spisovatelia  |2 SNKPH  |9 66678 
650 0 7 |a ukrajinská literatúra  |2 SNKPH  |9 1218 
650 0 7 |a múzeá  |2 SNKPH  |9 4119 
650 0 7 |a ukrajinistika  |2 SNKPH  |9 51200 
650 0 7 |a osobnosti  |2 SNKPH  |9 29820 
650 0 7 |a literárno-hudobné podujatia  |2 svkpocl  |9 983361 
650 0 7 |a kultúrne podujatia  |2 SNKPH  |9 71676 
651 7 |a Svidník (Slovensko)  |2 SNKPHgeo  |9 28309 
651 7 |a Užhorod (Ukrajina)  |2 SNKPH  |9 26707 
651 7 |a Prešov (Slovensko)  |2 SNKPHgeo  |9 17347 
651 7 |a Ukrajina  |2 SNKPHgeo  |9 168045 
773 0 |t Veselka  |g Roč. 67, č. 9 (2018/2019), s. 6 
852 |a SVKPO  |b KIS3GCP 
856 4 2 |u https://uk.wikipedia.org/wiki/Матій_Петро_Петрович 
958 |a UK 
958 |a SS 
958 |a LX 
958 |a SK 
958 |a UA 
958 |a NM 
999 |c 2739232  |d 2741162